Printed batteries : materials, technologies and applications

Offers the first comprehensive account of this interesting and growing research field Printed Batteries: Materials, Technologies and Applications reviews the current state of the art for printed batteries, discussing the different types and materials, and describing the printing techniques. It addre...

Full description

Saved in:
Bibliographic Details
Other Authors Lanceros-Méndez, Senentxu, 1968- (Editor), Costa, Carlos Miguel, 1991- (Editor)
Format Electronic eBook
LanguageEnglish
Published Hoboken, NJ : John Wiley & Sons, 2018.
Subjects
Online AccessFull text
ISBN9781119287902
1119287901
9781119287889
111928788X
9781523123742
1523123745
9781119287896
1119287898
9781119287421
1119287421
Physical Description1 online resource

Cover

LEADER 00000cam a2200000 i 4500
001 kn-on1019833658
003 OCoLC
005 20240717213016.0
006 m o d
007 cr cn|||||||||
008 180108s2018 njua ob 001 0 eng
040 |a DLC  |b eng  |e rda  |e pn  |c DLC  |d OCLCO  |d OCLCF  |d DG1  |d YDX  |d EBLCP  |d MERER  |d NLE  |d OCLCQ  |d UAB  |d YDX  |d OCLCO  |d OCLCQ  |d UPM  |d RECBK  |d OCLCQ  |d N$T  |d DEBBG  |d WYU  |d U3W  |d OCLCQ  |d CNO  |d KNOVL  |d COO  |d OCLCQ  |d UKMGB  |d UX1  |d VT2  |d OCLCO  |d OCLCQ  |d OCLCO  |d OCLCL  |d SXB 
020 |a 9781119287902  |q (electronic bk.) 
020 |a 1119287901  |q (electronic bk.) 
020 |a 9781119287889  |q (electronic bk.) 
020 |a 111928788X  |q (electronic bk.) 
020 |a 9781523123742  |q (electronic bk.) 
020 |a 1523123745  |q (electronic bk.) 
020 |z 9781119287896 
020 |z 1119287898 
020 |z 9781119287421  |q (hardcover) 
020 |a 1119287421 
020 |a 9781119287421 
035 |a (OCoLC)1019833658  |z (OCoLC)1127934420  |z (OCoLC)1228558120 
042 |a pcc 
245 0 0 |a Printed batteries :  |b materials, technologies and applications /  |c edited by Senentxu Lanceros-Méndez, Carlos Miguel Costa. 
264 1 |a Hoboken, NJ :  |b John Wiley & Sons,  |c 2018. 
300 |a 1 online resource 
336 |a text  |b txt  |2 rdacontent 
337 |a computer  |b c  |2 rdamedia 
338 |a online resource  |b cr  |2 rdacarrier 
504 |a Includes bibliographical references and index. 
505 0 |a Printed batteries : an overview / J. Oliveira, C.M. Costa, S. Lanceros-Méndez -- Printing techniques for batteries / A. Willert, A.-T. Tran-Le, K.Y. Mitra, M. Clair, C.M. Costa, S. Lanceros-Méndez, R.R. Baumann -- The influence of slurry rheology on lithium-ion electrode processing / T.-J. Liu, C. Tiu, L.-C. Chen, D. Liu -- Polymer electrolytes for printed batteries / E. Strauss, S. Menkin, D. Golodnitsky -- Design of printed batteries : from chemistry to aesthetics / K.-H. Choi, S.-Y. Lee -- Applications of printed batteries / A.M. Gaikwad, A.E. Ostfeld, A.C. Arias -- Industrial perspective on printed batteries / P. Rassek, M. Wendler, M. Krebs -- Open questions, challenges and outlook / C.M. Costa, J. Oliveira, S. Lanceros-Méndez. 
506 |a Plný text je dostupný pouze z IP adres počítačů Univerzity Tomáše Bati ve Zlíně nebo vzdáleným přístupem pro zaměstnance a studenty 
520 |a Offers the first comprehensive account of this interesting and growing research field Printed Batteries: Materials, Technologies and Applications reviews the current state of the art for printed batteries, discussing the different types and materials, and describing the printing techniques. It addresses the main applications that are being developed for printed batteries as well as the major advantages and remaining challenges that exist in this rapidly evolving area of research. It is the first book on printed batteries that seeks to promote a deeper understanding of this increasingly relevant research and application area. It is written in a way so as to interest and motivate readers to tackle the many challenges that lie ahead so that the entire research community can provide the world with a bright, innovative future in the area of printed batteries. Topics covered in Printed Batteries include, Printed Batteries: Definition, Types and Advantages; Printing Techniques for Batteries, Including 3D Printing; Inks Formulation and Properties for Printing Techniques; Rheological Properties for Electrode Slurry; Solid Polymer Electrolytes for Printed Batteries; Printed Battery Design; and Printed Battery Applications.-Covers everything readers need to know about the materials and techniques required for printed batteries -Informs on the applications for printed batteries and what the benefits are -Discusses the challenges that lie ahead as innovators continue with their research Printed Batteries: Materials, Technologies and Applications is a unique and informative book that will appeal to academic researchers, industrial scientists, and engineers working in the areas of sensors, actuators, energy storage, and printed electronics.' 
590 |a Knovel  |b Knovel (All titles) 
650 0 |a Electric batteries. 
650 0 |a Three-dimensional printing. 
655 7 |a elektronické knihy  |7 fd186907  |2 czenas 
655 9 |a electronic books  |2 eczenas 
700 1 |a Lanceros-Méndez, Senentxu,  |d 1968-  |e editor. 
700 1 |a Costa, Carlos Miguel,  |d 1991-  |e editor. 
776 0 8 |i Print version:  |t Printed batteries.  |d Hoboken, NJ : John Wiley & Sons, 2018  |z 9781119287421  |w (DLC) 2017054470 
856 4 0 |u https://proxy.k.utb.cz/login?url=https://app.knovel.com/hotlink/toc/id:kpPBMTA001/printed-batteries-materials?kpromoter=marc  |y Full text